Mongolian Provinces Flags (aimags) - Statistics

General Stats
  • This quiz has been taken 253 times
  • The average score is 15 of 22
Answer Stats
Picture Answer % Correct
Bulgan Province
91%
Dornod Province
91%
Arkhangai Province
80%
Khentii Province
78%
Ulaanbaatar
76%
Govi-Altai Province
71%
Dundgovi Province
69%
Ömnögovi Province
69%
Töv Province
69%
Uvs Province
67%
Selenge Province
64%
Zavkhan Province
64%
Dornogovi Province
60%
Khovd Province
60%
Khövsgöl Province
60%
Bayankhongor Province
58%
Bayan-Ölgii Province
58%
Govisümber Province
58%
Sükhbaatar Province
56%
Övörkhangai Province
55%
Orkhon Province
53%
Darkhan-Uul Province
49%
No matching quizzes found
Score Distribution
Percent of People with Each Score
Percentile by Number Answered
Your Score History
You have not taken this quiz